History Quiz

Random History or Century Quiz

History by Headline Quiz Stats

Quiz Updated Dec 29, 2014

Challenge
Share
Tweet
Score 0/18 Timer 06:00
0 Plays Today
% Correct
1941
98.1%
1912
96.9%
1968
96%
1989
94.4%
1945
92.8%
1973
92.4%
1960
91%
1933
90.2%
1918
90%
% Correct
1914
86.3%
1981
86.2%
1953
84.4%
1948
81.5%
1903
79.8%
1937
78.9%
1957
77.2%
1970
76.8%
1995
74.9%

You're not logged in!

Compare scores with friends on all Sporcle quizzes.
Sign Up with Email
OR
Log In

You Might Also Like...

Show Comments

Extras

Top Quizzes Today


Score Distribution

Your Account Isn't Verified!

In order to create a playlist on Sporcle, you need to verify the email address you used during registration. Go to your Sporcle Settings to finish the process.